Reshaping agriculture for nutrition and health / (Record no. 17551)

000 -LEADER
fixed length control field 00634cam a2200205 a 4500
020 ## - INTERNATIONAL STANDARD BOOK NUMBER
ISBN 9780896296732 (pbk. : alk. paper)
040 ## - CATALOGING SOURCE
Transcribing agency DNAL
082 00 - DEWEY DECIMAL CLASSIFICATION NUMBER
Classification number 363 INT 2012 A117 Or.
245 00 - TITLE STATEMENT
Title Reshaping agriculture for nutrition and health /
260 ## - PUBLICATION, DISTRIBUTION, ETC. (IMPRINT)
Place of publication Washington, D.C. :
Name of publisher International Food Policy Research Institute,
Year of publication 2012.
300 ## - PHYSICAL DESCRIPTION
Number of Pages 213 p. :
Other physical details ill. ;
Dimensions 23 cm.
650 #0 - SUBJECT ADDED ENTRY--TOPICAL TERM
Topical Term Food supply.
650 #0 - SUBJECT ADDED ENTRY--TOPICAL TERM
Topical Term Nutrition policy.
650 #0 - SUBJECT ADDED ENTRY--TOPICAL TERM
Topical Term Agriculture.
650 #0 - SUBJECT ADDED ENTRY--TOPICAL TERM
Topical Term Public health.
700 1# - ADDED ENTRY--PERSONAL NAME
Personal name Fan, Shenggen.
700 1# - ADDED ENTRY--PERSONAL NAME
Personal name Pandya-Lorch, Rajul.
710 2# - ADDED ENTRY--CORPORATE NAME
Corporate name or jurisdiction name as entry element International Food Policy Research Institute.
942 ## - ADDED ENTRY ELEMENTS (KOHA)
Koha item type ADB
952 ## - LOCATION AND ITEM INFORMATION (KOHA)
Withdrawn status [LOCAL, KOHA] 0
952 ## - LOCATION AND ITEM INFORMATION (KOHA)
Withdrawn status [LOCAL, KOHA] 0
952 ## - LOCATION AND ITEM INFORMATION (KOHA)
Withdrawn status [LOCAL, KOHA] 0
Holdings
Source of acquisition Permanent Location Date acquired Koha item type Lost status Shelving location Barcode Current Location Full call number
 Library Block A2018-12-12សៀវភៅភាសាអង់គ្លេស A117A41096Library Block A363 INT 2012 A117 Or.
 Library Block C2019-10-04សៀវភៅភាសាអង់គ្លេស C141 Library Block C363 INT 2012 C141 Or.
A39324Library Block C2019-10-04សៀវភៅភាសាអង់គ្លេស C141 Library Block C363 INT 2012 C141 Or.
មជ្ឈមណ្ឌលឯការនៃសាកលវិទ្យាល័យភូមិន្ទកសិកម្មចំការដូង

Powered by Koha